The Desert Generals / (Record no. 185132)
[ view plain ]
| 000 -LEADER | |
|---|---|
| fixed length control field | 00593 a2200169 4500 |
| 003 - CONTROL NUMBER IDENTIFIER | |
| control field | Nust |
| 005 - DATE AND TIME OF LATEST TRANSACTION | |
| control field | 20221227134950.0 |
| 040 ## - CATALOGING SOURCE | |
| Transcribing agency | Nust |
| 082 ## - DEWEY DECIMAL CLASSIFICATION NUMBER | |
| Classification number | 355.02,BAR |
| 100 ## - MAIN ENTRY--PERSONAL NAME | |
| Personal name | kimber, William |
| 9 (RLIN) | 106070 |
| 245 ## - TITLE STATEMENT | |
| Title | The Desert Generals / |
| Statement of responsibility, etc. | William kimber |
| 260 ## - PUBLICATION, DISTRIBUTION, ETC. | |
| Place of publication, distribution, etc. | London |
| Name of publisher, distributor, etc. | W & K |
| 300 ## - PHYSICAL DESCRIPTION | |
| Extent | 320:p |
| 505 ## - FORMATTED CONTENTS NOTE | |
| Formatted contents note | Part 1:- The Forgotten Victor (Page-17), Part 2:- The Blunt Battleaxe (Page-65), Part 4:- The Price of Duty (Page-77), Part 5:- The Image of a General (Page-11), Part 6:- Military Messah (Page-233). |
| 650 ## - SUBJECT ADDED ENTRY--TOPICAL TERM | |
| Topical term or geographic name entry element | The Desert Generals |
| 9 (RLIN) | 106063 |
| 942 ## - ADDED ENTRY ELEMENTS (KOHA) | |
| Source of classification or shelving scheme | |
| Koha item type | Book |
| Call number prefix | 355.02,BAR |
| Withdrawn status | Lost status | Source of classification or shelving scheme | Damaged status | Not for loan | Permanent Location | Current Location | Shelving location | Date acquired | Full call number | Barcode | Date last seen | Price effective from | Koha item type | Public note |
|---|---|---|---|---|---|---|---|---|---|---|---|---|---|---|
| Military College of Signals (MCS) | Military College of Signals (MCS) | General Stacks | 12/12/2016 | 355.02,BAR | MCS29369 | 12/08/2016 | 12/12/2016 | Book | Almirah No.51, Shelf No.4 |
